<The> sequential trading approach to disequilibrium dynamics.
Zovšeobecnenie Varianovho pôvodného príspevku k nerovnovážnym modelom so sekvenčnou transakčnou štruktúrou. Pomocou modelu diferenciácie režimov sa dosiahne ľahšia porovnateľnosť so štandardnými nerovnovážnymi modelmi. Takto možno získať nový newalrasiánsky rovnovážny stav.
Na minha lista:
| Autor principal: | |
|---|---|
| Formato: | Capítulo de Livro |
| Idioma: | inglês |
| Assuntos: | |
| Tags: |
Sem tags, seja o primeiro a adicionar uma tag!
|
MARC
| LEADER | 00000naa a2200000 4500 | ||
|---|---|---|---|
| 001 | r008050 | ||
| 005 | 20221130113034.9 | ||
| 041 | 0 | |a eng | |
| 044 | |a DE | ||
| 245 | 1 | 0 | |a <The> sequential trading approach to disequilibrium dynamics. |c T. Lux |
| 520 | |a Zovšeobecnenie Varianovho pôvodného príspevku k nerovnovážnym modelom so sekvenčnou transakčnou štruktúrou. Pomocou modelu diferenciácie režimov sa dosiahne ľahšia porovnateľnosť so štandardnými nerovnovážnymi modelmi. Takto možno získať nový newalrasiánsky rovnovážny stav. | ||
| 610 | 2 | 0 | |a modely nerovnováhy |
| 610 | 2 | 0 | |a rovnováha trhová |
| 610 | 2 | 0 | |a trh práce |
| 610 | 2 | 0 | |a ceny |
| 610 | 2 | 0 | |a mzdy |
| 610 | 2 | 0 | |a trh |
| 100 | 1 | |a Lux, T. | |